Normale Ansicht MARC-Ansicht ISBD

Zapiski komendanta Kremlja (Titelsatznr. 40603)

[ MARC ]
MARC-Details
000 -Satzkennung
Kontrollfeld mit fester Länge 00507nam a22002051c 4500
001 - Kontrollnummer
Kontrollfeld a987679623
008 - Feld mit fester Länge zur physischen Beschreibung - Allgemeine Angaben
Kontrollfeld mit fester Länge 170322s1987 gw |||| 000u rus d
041 ## - Sprachcode
Sprachcode des Textes/der Tonspur oder des separaten Titels rus
040 ## - Katalogisierungsquelle
Übertragungsstelle RU-10907106
003 - Kontrollnummer Identifier
Kontrollfeld RU-10907106
100 1# - Haupteintragung - Personenname
Personenname Mal'kov, Pavel D.
245 00 - Titel
Titel Zapiski komendanta Kremlja
264 ## - Produktion, Veröffentlichung, Distribution, Herstellung und Urheberrechtsvermerk
Herstellungs-, Veröffentlichungs- Vertriebs-, Erzeugungsort Moskva :
Produzent, Herausgeber, Distributor, Hersteller Voennoe Izdat.,
Datum der Herstellung, der Veröffentlichung, des Vertriebs oder des Urheberschutzvermerks 1987
300 ## - Physische Beschreibung
Umfang 365 S. Hlwd.
600 #0 - Nebeneintragung unter einem Schlagwort - Personenname
Personenname Lenin, Vladimir Il'ic
650 #0 - Nebeneintragung unter einem Schlagwort - Sachschlagwort
Sachschlagwort oder geografischer Name als Eintragungselement Erlebnisbericht
650 #0 - Nebeneintragung unter einem Schlagwort - Sachschlagwort
Sachschlagwort oder geografischer Name als Eintragungselement Politische Elite
651 #0 - Nebeneintragung unter einem Schlagwort - Geografischer Name
Geografischer Name Sowjetunion
942 ## - Zusätzliche Felder (Koha)
Koha-Medientyp Monographien
Exemplare
Ausgeschieden Verloren Klassifikation oder Aufstellungssystematik Beschädigt Nicht entleihbar Heimatbibliothek Aufenthaltsbibliothek Aufstellungsort Erwerbungsdatum Inventarnummer Signatur Barcode Letzte Aktivität Preis gültig von Koha-Medientyp
    Andere/Generische Klassifikation     MWN Osteuropa MWN Osteuropa Magazin - 2 22/03/2017 17-01390 Ersatzß R 61 ej Mal E004015078F69F10 23/02/2021 22/03/2021 Monographien